Movies Quiz

Random Movies or Actor Quiz

Foursomes from Sets - Movies Quiz Stats

 Plays Quiz not verified by Sporcle

Challenge
Share
Tweet
Embed
Score 0/120 Timer 15:00
0 Plays Today
% Correct
Actor - First NameJodie Foster - Clarice Starling
98.5%
Actor - Last NameJodie Foster - Clarice Starling
98.5%
Character - First NameJodie Foster - Clarice Starling
98.4%
Character - Last NameJodie Foster - Clarice Starling
98.4%
Actor - First NameTim Allen - Buzz Lightyear
92.6%
Actor - Last NameTim Allen - Buzz Lightyear
92.6%
Character - Last NameTim Allen - Buzz Lightyear
92.6%
Character - First NameTim Allen - Buzz Lightyear
92.4%
Actor - First NameAl Pacino - Michael Corleone
84.8%
Actor - Last NameAl Pacino - Michael Corleone
84.8%
Character - First NameAl Pacino - Michael Corleone
84.8%
Character - Last NameAl Pacino - Michael Corleone
84.7%
Character - Last NameJohn Travolta - Danny Zuko
79.4%
Character - First NameJohn Travolta - Danny Zuko
79.4%
Actor - Last NameJohn Travolta - Danny Zuko
79.4%
Actor - First NameJohn Travolta - Danny Zuko
79.4%
Actor - First NameTim Robbins - Andy Dufresne
72.8%
Actor - Last NameTim Robbins - Andy Dufresne
72.8%
Character - First NameTim Robbins - Andy Dufresne
72.8%
Character - Last NameTim Robbins - Andy Dufresne
72.8%
Actor - First NameEdward Norton - Bruce Banner
62.5%
Actor - Last NameEdward Norton - Bruce Banner
62.5%
Character - First NameEdward Norton - Bruce Banner
62.5%
Character - Last NameEdward Norton - Bruce Banner
62.5%
Actor - First NameSally Field - Norma Rae
61.3%
Actor - Last NameSally Field - Norma Rae
61.3%
Character - First NameSally Field - Norma Rae
61.3%
Character - Last NameSally Field - Norma Rae
61%
Actor - First NameLouise Fletcher - Nurse Ratched
60%
Actor - Last NameLouise Fletcher - Nurse Ratched
60%
Character - First NameLouise Fletcher - Nurse Ratched
60%
Character - Last NameLouise Fletcher - Nurse Ratched
60%
Actor - First NameKevin Spacey - Lester Burnham
59.4%
Actor - Last NameKevin Spacey - Lester Burnham
59.4%
Character - First NameKevin Spacey - Lester Burnham
59.4%
Character - Last NameKevin Spacey - Lester Burnham
59.4%
Actor - First NameJames Stewart - George Bailey
56.8%
Actor - Last NameJames Stewart - George Bailey
56.8%
Character - Last NameJames Stewart - George Bailey
56.8%
Character - First NameJames Stewart - George Bailey
56.7%
% Correct
Actor - First NameIngrid Bergman - Ilsa Lund
50.7%
Actor - Last NameIngrid Bergman - Ilsa Lund
50.7%
Character - Last NameIngrid Bergman - Ilsa Lund
50.7%
Character - First NameIngrid Bergman - Ilsa Lund
50.7%
Character - First NameSandra Bullock - Gracie Hart
48%
Actor - First NameSandra Bullock - Gracie Hart
47.9%
Actor - Last NameSandra Bullock - Gracie Hart
47.9%
Character - Last NameSandra Bullock - Gracie Hart
47.9%
Actor - First NameRay Liotta - Henry Hill
47.4%
Actor - Last NameRay Liotta - Henry Hill
47.4%
Character - Last NameRay Liotta - Henry Hill
47.4%
Character - First NameRay Liotta - Henry Hill
47.4%
Actor - First NameUma Thurman - Mia Wallace
45.2%
Actor - Last NameUma Thurman - Mia Wallace
45.2%
Character - First NameUma Thurman - Mia Wallace
45.2%
Character - Last NameUma Thurman - Mia Wallace
45.1%
Actor - First NameJane Fonda - Cat Ballou
42%
Actor - Last NameJane Fonda - Cat Ballou
42%
Character - Last NameJane Fonda - Cat Ballou
42%
Character - First NameJane Fonda - Cat Ballou
41.9%
Actor - First NameGary Cole - Bill Lumbergh
41.3%
Actor - Last NameGary Cole - Bill Lumbergh
41.3%
Character - First NameGary Cole - Bill Lumbergh
41.3%
Character - Last NameGary Cole - Bill Lumbergh
41.3%
Actor - First NameWoody Allen - Alvy Singer
40.6%
Actor - Last NameWoody Allen - Alvy Singer
40.6%
Character - First NameWoody Allen - Alvy Singer
40.6%
Character - Last NameWoody Allen - Alvy Singer
40.4%
Character - Last NameBen Kingsley - Itzhak Stern
32.9%
Character - First NameBen Kingsley - Itzhak Stern
32.7%
Actor - First NameBen Kingsley - Itzhak Stern
32.7%
Actor - Last NameBen Kingsley - Itzhak Stern
32.7%
Character - Last NameJulia Roberts - Darby Shaw
30.5%
Actor - First NameMeryl Streep - Karen Blixen
30.4%
Actor - Last NameMeryl Streep - Karen Blixen
30.4%
Character - First NameMeryl Streep - Karen Blixen
30.4%
Character - First NameJulia Roberts - Darby Shaw
30.4%
Character - Last NameMeryl Streep - Karen Blixen
30.4%
Actor - First NameJulia Roberts - Darby Shaw
30.3%
Actor - Last NameJulia Roberts - Darby Shaw
30.3%
% Correct
Actor - First NameJanet Leigh - Marion Crane
29.5%
Actor - Last NameJanet Leigh - Marion Crane
29.5%
Character - First NameJanet Leigh - Marion Crane
29.5%
Character - Last NameJanet Leigh - Marion Crane
29.4%
Actor - First NameStephen Baldwin - Michael McManus
27.7%
Actor - Last NameStephen Baldwin - Michael McManus
27.7%
Character - First NameStephen Baldwin - Michael McManus
27.7%
Character - Last NameStephen Baldwin - Michael McManus
27.7%
Character - Last NameMorgan Freeman - Hoke Colburn
26.8%
Actor - First NameMorgan Freeman - Hoke Colburn
26.7%
Actor - Last NameMorgan Freeman - Hoke Colburn
26.7%
Character - First NameMorgan Freeman - Hoke Colburn
26.7%
Character - First NameHelen Hunt - Carol Connelly
24.7%
Character - Last NameHelen Hunt - Carol Connelly
24.7%
Actor - First NameHelen Hunt - Carol Connelly
24.6%
Actor - Last NameHelen Hunt - Carol Connelly
24.6%
Actor - First NamePenelope Cruz - Mirtha Jung
23%
Actor - Last NamePenelope Cruz - Mirtha Jung
23%
Character - First NamePenelope Cruz - Mirtha Jung
23%
Character - Last NamePenelope Cruz - Mirtha Jung
23%
Character - Last NameMichael Douglas - Nicholas Van Orton
22.8%
Actor - First NameMichael Douglas - Nicholas Van Orton
22.7%
Actor - Last NameMichael Douglas - Nicholas Van Orton
22.7%
Character - First NameMichael Douglas - Nicholas Van Orton
22.7%
Actor - First NameVera Farmiga - Alex Goran
21.9%
Actor - Last NameVera Farmiga - Alex Goran
21.9%
Character - First NameVera Farmiga - Alex Goran
21.9%
Character - Last NameVera Farmiga - Alex Goran
21.9%
Actor - First NameRicky Gervais - Mark Bellison
20.5%
Actor - Last NameRicky Gervais - Mark Bellison
20.5%
Character - First NameRicky Gervais - Mark Bellison
20.5%
Character - Last NameRicky Gervais - Mark Bellison
20.5%
Character - First NameDennis Hopper - Clifford Worley
19.4%
Character - Last NameDennis Hopper - Clifford Worley
19.3%
Actor - First NameDennis Hopper - Clifford Worley
19.2%
Actor - Last NameDennis Hopper - Clifford Worley
19.2%
Actor - First NameIan McShane - Tai Lung
18%
Actor - Last NameIan McShane - Tai Lung
18%
Character - First NameIan McShane - Tai Lung
18%
Character - Last NameIan McShane - Tai Lung
18%

You're not logged in!

Compare scores with friends on all Sporcle quizzes.
OR
Log In

You Might Also Like...

Show Comments

Extras

Top Quizzes Today


Score Distribution

Your Account Isn't Verified!

In order to create a playlist on Sporcle, you need to verify the email address you used during registration. Go to your Sporcle Settings to finish the process.

Report this User

Report this user for behavior that violates our Community Guidelines.

Details: